[Event "LTU-chT"]
[Site "Lithuania"]
[Date "2025.03.30"]
[Round "7.11"]
[White "Sakalauskas, Vaidas"]
[Black "Rudzinskaite, Ula"]
[Result "1-0"]
[WhiteElo "2313"]
[BlackElo "1762"]
[PlyCount "93"]
[EventDate "2025.01.24"]
[EventType "team-swiss"]
[EventRounds "7"]
[EventCountry "LTU"]
[SourceTitle "CB14_2025"]
[SourceDate "2024.11.01"]
[SourceVersion "1"]
[SourceVersionDate "2024.11.01"]
[SourceQuality "1"]
[WhiteTeam "Vilnius MRU"]
[BlackTeam "Vilnius Juoda Balta"]
[WhiteTeamCountry "LTU"]
[BlackTeamCountry "LTU"]

1. d4 e6 2. c4 f5 3. Nf3 Nf6 4. Nc3 Be7 5. d5 d6 6. dxe6 Bxe6 7. Nd4 Qd7 8. Qb3 b6 9. g3 0-0 10. Bg2 c6 11. Qa4 Rc8 12. 0-0 Bf7 13. Rd1 a6 14. Bf4 Ra7 15. Qc2 g6 16. Nf3 Bxc4 17. Na4 b5 18. Nb6 Qd8 19. Nxc8 Qxc8 20. Bxd6 Ne4 21. Bxe7 Rxe7 22. b3 Bf7 23. Rac1 c5 24. Nd2 Nxd2 25. Rxd2 Nd7 26. Rcd1 c4 27. bxc4 bxc4 28. Qa4 Nc5 29. Qc2 Re8 30. Bd5 Bxd5 31. Rxd5 Ne4 32. R1d4 c3 33. Qb3 Qe6 34. Re5 Qxb3 35. Rxe8+ Kf7 36. axb3 Kxe8 37. Rc4 Kd7 38. f3 Nd6 39. Rxc3 Nb5 40. Rc4 Kd6 41. Kf2 Kd5 42. e4+ fxe4 43. fxe4+ Ke5 44. Ke3 Nd6 45. Rc5+ Ke6 46. Rc6 a5 47. Ra6 1-0

[Event "LTU-chT"]
[Site "Lithuania"]
[Date "2025.03.29"]
[Round "6.16"]
[White "Sakalauskas, Vaidas"]
[Black "Kuznecovas, Kevinas"]
[Result "1-0"]
[WhiteElo "2313"]
[BlackElo "1982"]
[PlyCount "88"]
[EventDate "2025.01.24"]
[EventType "team-swiss"]
[EventRounds "7"]
[EventCountry "LTU"]
[SourceTitle "CB14_2025"]
[SourceDate "2024.11.01"]
[SourceVersion "1"]
[SourceVersionDate "2024.11.01"]
[SourceQuality "1"]
[WhiteTeam "Vilnius MRU"]
[BlackTeam "Vilnius Kamiles"]
[WhiteTeamCountry "LTU"]
[BlackTeamCountry "LTU"]

1. d4 Nf6 2. c4 e6 3. Nc3 Bb4 4. Qc2 c5 5. dxc5 Na6 6. a3 Bxc3+ 7. Qxc3 Nxc5 8. b4 Nce4 9. Qc2 d5 10. f3 Nd6 11. c5 Nf5 12. e3 a5 13. Rb1 axb4 14. axb4 e5 15. Bb5+ Kf8 16. Ne2 h5 17. 0-0 h4 18. Rd1 Qe7 19. e4 dxe4 20. fxe4 Nh6 21. Bg5 Be6 22. Nc3 Nhg4 23. h3 Rh5 24. Qd2 Nf2 25. Rf1 Rxg5 26. Qxg5 N2xe4 27. Nxe4 Nxe4 28. Qxe5 Nd2 29. Ra1 Rd8 30. Rfd1 Bb3 31. Qxe7+ Kxe7 32. Re1+ Kf6 33. c6 bxc6 34. Bxc6 Rb8 35. Re2 Nc4 36. b5 Ne5 37. Rae1 Nxc6 38. bxc6 Rc8 39. Rf2+ Kg6 40. Rc1 Bd5 41. c7 f5 42. Rd2 Be6 43. Rc6 Kf7 44. Rd8 Ra8 1-0

[Event "LTU-chT"]
[Site "Lithuania"]
[Date "2024.01.27"]
[Round "1.3"]
[White "Andrusevics, Jegors"]
[Black "Sakalauskas, Vaidas"]
[Result "0-1"]
[WhiteElo "1669"]
[BlackElo "2341"]
[PlyCount "92"]
[EventDate "2024.01.27"]
[EventType "team-swiss"]
[EventRounds "7"]
[EventCountry "LTU"]
[SourceTitle "EXT 2025"]
[Source "ChessBase"]
[SourceDate "2024.10.14"]
[SourceVersion "1"]
[SourceVersionDate "2024.10.14"]
[SourceQuality "1"]
[WhiteTeam "Vilnius Pasaku"]
[BlackTeam "Vilnius MRU"]
[WhiteTeamCountry "LTU"]
[BlackTeamCountry "LTU"]

1. d4 Nf6 2. Bf4 g6 3. e3 Bg7 4. Nd2 0-0 5. Ngf3 d5 6. Bd3 c5 7. c3 Nc6 8. h3 Nd7 9. 0-0 e5 10. dxe5 Ndxe5 11. Nxe5 Nxe5 12. Be2 Be6 13. Nf3 Nc6 14. Qa4 a6 15. Rfd1 b5 16. Qc2 Qe7 17. e4 Rfd8 18. Ng5 d4 19. Nxe6 Qxe6 20. Bg3 dxc3 21. bxc3 b4 22. Rd5 Bxc3 23. Bc4 Qe7 24. Rad1 Nd4 25. Qd3 a5 26. Bf4 Rxd5 27. exd5 Re8 28. d6 Qd7 29. Qg3 Re4 30. Bd3 c4 31. Bf1 Ne6 32. Be3 Be5 33. Qf3 f5 34. g4 Nf4 35. Bxf4 Bxf4 36. Bxc4+ Rxc4 37. Qd5+ Qf7 38. d7 Qxd5 39. Rxd5 Bc7 40. d8Q+ Bxd8 41. Rxd8+ Kf7 42. gxf5 Rc2 43. fxg6+ hxg6 44. a3 b3 45. Rb8 a4 46. Rb4 Ra2 0-1

[Event "EU-Cup 38th"]
[Site "Durres"]
[Date "2023.10.06"]
[Round "6.3"]
[White "Brunner, Nicolas"]
[Black "Sakalauskas, Vaidas"]
[Result "1-0"]
[WhiteElo "2425"]
[BlackElo "2344"]
[PlyCount "119"]
[EventDate "2023.10.01"]
[EventType "team-swiss"]
[EventRounds "7"]
[EventCountry "ALB"]
[SourceTitle "CBM 216 Extra"]
[Source "ChessBase"]
[SourceDate "2023.11.30"]
[SourceVersion "1"]
[SourceVersionDate "2023.11.30"]
[SourceQuality "1"]
[WhiteTeam "Riehen"]
[BlackTeam "MRU ROSK Consulting"]
[WhiteTeamCountry "SUI"]
[BlackTeamCountry "LTU"]

1. d4 d5 2. c4 e6 3. Nf3 a6 4. Bg5 Be7 5. Bxe7 Qxe7 6. Nbd2 Nf6 7. g3 0-0 8. Bg2 Nbd7 9. Rc1 c5 10. cxd5 exd5 11. dxc5 Nxc5 12. 0-0 Be6 13. Nd4 Rac8 14. N2f3 Nfe4 15. Nxe6 fxe6 16. Qd4 Qf6 17. Rc2 Qxd4 18. Nxd4 e5 19. Nf3 Rce8 20. Nd2 b6 21. b4 Ne6 22. Nxe4 Nd4 23. Rd2 dxe4 24. Bxe4 Rd8 25. Kg2 Nb5 26. Rfd1 Rxd2 27. Rxd2 Nc3 28. Bb7 a5 29. bxa5 bxa5 30. Rc2 Rb8 31. Ba6 Na4 32. Rc7 g6 33. Re7 Rb2 34. Rxe5 Nc3 35. a3 a4 36. Re3 Rc2 37. Re8+ Kg7 38. Rc8 Rc1 39. e3 Kf6 40. Bb5 Rb1 41. Rxc3 Rxb5 42. Rc4 Ra5 43. f4 h5 44. Kf3 Ke6 45. Rd4 Ra6 46. h3 Ra5 47. g4 hxg4+ 48. hxg4 Kf6 49. g5+ Ke6 50. e4 Ra6 51. Kg4 Ra5 52. Rc4 Ra6 53. Rb4 Ra5 54. Rb6+ Kf7 55. Rb7+ Kg8 56. Rb4 Kf7 57. f5 Ra7 58. Kf4 Kg7 59. Rb6 gxf5 60. exf5 1-0

[Event "Viljandi Raud Memorial 57th"]
[Site "Viljandi"]
[Date "2023.07.03"]
[Round "3"]
[White "Sakalauskas, Vaidas"]
[Black "Laurusas, Tomas"]
[Result "1/2-1/2"]
[WhiteElo "2340"]
[BlackElo "2566"]
[PlyCount "104"]
[EventDate "2023.07.02"]
[EventType "swiss"]
[EventRounds "9"]
[EventCountry "EST"]
[SourceTitle "CBM 215 Extra"]
[Source "ChessBase"]
[SourceDate "2023.09.30"]
[SourceVersion "1"]
[SourceVersionDate "2023.09.30"]
[SourceQuality "1"]

1. d4 Nf6 2. c4 e6 3. Nf3 d5 4. Nc3 dxc4 5. e3 a6 6. Bxc4 b5 7. Bb3 c5 8. 0-0 Bb7 9. e4 cxd4 10. Nxd4 Nc6 11. Nxc6 Qxd1 12. Rxd1 Bxc6 13. f3 Bc5+ 14. Kf1 Nd7 15. Bf4 Rc8 16. Rac1 Bb7 17. Bd6 Bxd6 18. Rxd6 g5 19. Rcd1 Rc7 20. Ne2 Ke7 21. R6d2 Rhc8 22. Nd4 h5 23. Kf2 h4 24. Bc2 Ne5 25. Bd3 Rc1 26. Be2 Rxd1 27. Rxd1 Rd8 28. Ke3 Rc8 29. Rd2 Rc1 30. Nb3 Rh1 31. h3 Bc6 32. Nc5 a5 33. Nb3 a4 34. Nd4 b4 35. Nxc6+ Nxc6 36. Bb5 Ne5 37. Kd4 Ng6 38. Bxa4 Nf4 39. Kc4 Rg1 40. Kxb4 Nxg2 41. Bb5 Ne1 42. a4 Nxf3 43. Rd7+ Kf6 44. a5 g4 45. a6 gxh3 46. Rd3 Rg3 47. a7 h2 48. a8Q h1Q 49. Qh8+ Kg6 50. Qg8+ Kf6 51. Qh8+ Kg6 52. Qg8+ Kf6 1/2-1/2

[Event "LTU-chT"]
[Site "Lithuania"]
[Date "2023.03.04"]
[Round "2.2"]
[White "Sakalauskas, Vaidas"]
[Black "Rimeikis, Andrius"]
[Result "1-0"]
[WhiteElo "2338"]
[BlackElo "2078"]
[PlyCount "81"]
[EventDate "2023.03.04"]
[EventType "team"]
[EventRounds "7"]
[EventCountry "LTU"]
[SourceTitle "CBM 213 Extra"]
[Source "ChessBase"]
[SourceDate "2023.05.31"]
[SourceVersion "1"]
[SourceVersionDate "2023.05.31"]
[SourceQuality "1"]
[WhiteTeam "Vilnius MRU"]
[BlackTeam "Plunge Bokstas"]
[WhiteTeamCountry "LTU"]
[BlackTeamCountry "LTU"]

1. d4 Nf6 2. c4 g6 3. Nf3 Bg7 4. e3 c6 5. Nc3 d5 6. Bd3 0-0 7. 0-0 b6 8. b3 dxc4 9. Bxc4 c5 10. Bb2 cxd4 11. Nxd4 Bb7 12. Qe2 Nbd7 13. Rfd1 Rc8 14. Rac1 Qc7 15. Nd5 Nxd5 16. Bxd5 Nc5 17. Nb5 Qb8 18. Bxg7 Kxg7 19. Qb2+ Kg8 20. h4 Rfd8 21. Bxb7 Qxb7 22. h5 Ne6 23. h6 f6 24. b4 Rxc1 25. Rxc1 Qd7 26. Qb3 Qxb5 27. Qxe6+ Kf8 28. Rc8 Qe8 29. Rc7 Rd6 30. Qc4 Rd7 31. Rc6 Rd1+ 32. Kh2 Rd6 33. b5 g5 34. g4 Rd7 35. a4 Rd8 36. Qe4 Qg6 37. Qxg6 hxg6 38. Rc7 Ra8 39. h7 Kf7 40. Rxa7 Rb8 41. Rb7 1-0

[Event "LTU-ch Rapid"]
[Site "Taujenai"]
[Date "2022.12.04"]
[Round "7"]
[White "Kazakouski, Valery"]
[Black "Sakalauskas, Vaidas"]
[Result "1-0"]
[WhiteElo "2480"]
[BlackElo "2317"]
[PlyCount "87"]
[EventDate "2022.12.03"]
[EventType "swiss (rapid)"]
[EventRounds "10"]
[EventCountry "LTU"]
[SourceTitle "CBM 211 Extra"]
[Source "ChessBase"]
[SourceDate "2023.01.31"]
[SourceVersion "1"]
[SourceVersionDate "2023.01.31"]
[SourceQuality "1"]

1. d4 d5 2. c4 e6 3. Nf3 dxc4 4. Bg5 Be7 5. Bxe7 Qxe7 6. Qa4+ Nc6 7. Qxc4 Qb4+ 8. Qxb4 Nxb4 9. Na3 Nf6 10. e3 Ke7 11. Be2 Bd7 12. 0-0 Rac8 13. Rfc1 Rhd8 14. Nc2 Nxc2 15. Rxc2 c6 16. a3 h6 17. Ne5 Be8 18. Rac1 Nd7 19. Nc4 Nb6 20. Na5 Rb8 21. b4 a6 22. f4 f6 23. Bf3 Nd5 24. Kf2 Bg6 25. Rb2 Be8 26. g3 Bd7 27. e4 Nb6 28. Ke3 Be8 29. h4 Bd7 30. g4 Be8 31. f5 Bf7 32. Be2 Be8 33. Rbc2 Bd7 34. Bd3 Be8 35. Rg2 Nc8 36. Bc4 e5 37. dxe5 fxe5 38. g5 hxg5 39. hxg5 Nd6 40. f6+ Kf8 41. Rh1 Nxc4+ 42. Nxc4 gxf6 43. gxf6 Kf7 44. Rh6 1-0

[Event "Suwalki Warakomska Memorial 6th"]
[Site "Suwalki"]
[Date "2022.08.03"]
[Round "1"]
[White "Kaczmarek, Arkadiusz"]
[Black "Sakalauskas, Vaidas"]
[Result "1-0"]
[WhiteElo "2124"]
[BlackElo "2350"]
[PlyCount "67"]
[EventDate "2022.08.03"]
[EventType "swiss"]
[EventRounds "9"]
[EventCountry "POL"]
[SourceTitle "CBM 209 Extra"]
[Source "ChessBase"]
[SourceDate "2022.09.30"]
[SourceVersion "1"]
[SourceVersionDate "2022.09.30"]
[SourceQuality "1"]

1. d4 d5 2. c4 e6 3. Nc3 a6 4. cxd5 exd5 5. Nf3 h6 6. Bf4 Nf6 7. e3 Bd6 8. Bg3 Bf5 9. Bd3 Bxd3 10. Qxd3 0-0 11. 0-0 Bxg3 12. hxg3 Nbd7 13. Rac1 Re8 14. Rc2 c6 15. Na4 Ne4 16. b4 b5 17. Nb2 Re6 18. Rfc1 Qf6 19. Qb3 Nb6 20. a4 Nc4 21. Nd3 Rae8 22. axb5 axb5 23. Nf4 Rd6 24. Ra2 Qf5 25. Qd1 g5 26. Nd3 Rf6 27. Nfe5 Qe6 28. Ra6 Qc8 29. Ra7 Kg7 30. Qh5 Qe6 31. Ng4 Rf5 32. Nde5 Rf8 33. Rc7 Nxf2 34. Rxc6 1-0

[Event "LTU-chT"]
[Site "Lithuania"]
[Date "2022.03.19"]
[Round "6.1"]
[White "Sakalauskas, Vaidas"]
[Black "Indriunas, Matas"]
[Result "1/2-1/2"]
[WhiteElo "2327"]
[BlackElo "2081"]
[PlyCount "65"]
[EventDate "2022.03.11"]
[EventType "team-swiss"]
[EventRounds "7"]
[EventCountry "LTU"]
[SourceTitle "CBM 207 Extra"]
[Source "ChessBase"]
[SourceDate "2022.05.31"]
[SourceVersion "1"]
[SourceVersionDate "2022.05.31"]
[SourceQuality "1"]
[WhiteTeam "Vilnius MRU"]
[BlackTeam "Vilnius LKSF"]
[WhiteTeamCountry "LTU"]
[BlackTeamCountry "LTU"]

1. d4 Nf6 2. c4 e6 3. Nc3 Bb4 4. Qc2 d5 5. cxd5 Qxd5 6. e3 c5 7. Bd2 Bxc3 8. Bxc3 cxd4 9. Bxd4 Nc6 10. Bc3 0-0 11. Nf3 Rd8 12. Be2 Qc5 13. 0-0 Nd5 14. Rac1 Nxc3 15. Qxc3 Qxc3 16. Rxc3 Bd7 17. Rfc1 Rac8 18. a3 Kf8 19. Ng5 Ke7 20. Ne4 Ne5 21. Nc5 b6 22. Nxd7 Rxc3 23. Rxc3 Rxd7 24. f4 Ng6 25. Rc2 Kd8 26. Bb5 Rc7 27. Rd2+ Ke7 28. Kf2 h6 29. g3 Nf8 30. Kf3 Nh7 31. g4 g5 32. h4 f5 33. hxg5 1/2-1/2

[Event "LTU-chT"]
[Site "Lithuania"]
[Date "2022.03.13"]
[Round "4.2"]
[White "Sakalauskas, Vaidas"]
[Black "Bazilius, Augustinas"]
[Result "1/2-1/2"]
[WhiteElo "2327"]
[BlackElo "2048"]
[PlyCount "50"]
[EventDate "2022.03.11"]
[EventType "team-swiss"]
[EventRounds "7"]
[EventCountry "LTU"]
[SourceTitle "CBM 207 Extra"]
[Source "ChessBase"]
[SourceDate "2022.05.31"]
[SourceVersion "1"]
[SourceVersionDate "2022.05.31"]
[SourceQuality "1"]
[WhiteTeam "Vilnius MRU"]
[BlackTeam "Vilnius Juoda Balta"]
[WhiteTeamCountry "LTU"]
[BlackTeamCountry "LTU"]

1. d4 Nf6 2. c4 g6 3. Nc3 d5 4. Nf3 Bg7 5. cxd5 Nxd5 6. e4 Nxc3 7. bxc3 c5 8. Be2 0-0 9. 0-0 Nc6 10. Be3 cxd4 11. cxd4 Bg4 12. d5 Bxf3 13. Bxf3 Bxa1 14. Qxa1 Na5 15. Bh6 f6 16. Bg4 Nc4 17. Be6+ Kh8 18. Bxf8 Qxf8 19. Qd4 b5 20. Bd7 a6 21. Bc6 Rb8 22. Qa7 a5 23. f4 Qd8 24. Kh1 Qd6 25. Qd4 e5 1/2-1/2

[Event "Suwalki Warakomska Memorial 5th"]
[Site "Suwalki"]
[Date "2021.08.02"]
[Round "8"]
[White "Sakalauskas, Vaidas"]
[Black "Szpar, Milosz"]
[Result "1/2-1/2"]
[WhiteElo "2330"]
[BlackElo "2392"]
[PlyCount "136"]
[EventDate "2021.07.27"]
[EventType "swiss"]
[EventRounds "9"]
[EventCountry "POL"]
[SourceTitle "EXT 2022"]
[Source "ChessBase"]
[SourceDate "2021.10.06"]
[SourceVersion "1"]
[SourceVersionDate "2021.10.06"]
[SourceQuality "1"]

1. d4 Nf6 2. c4 g6 3. Nc3 Bg7 4. e4 d6 5. Be2 0-0 6. Bg5 Na6 7. Qd2 e5 8. d5 Qe8 9. Bf3 c6 10. Nge2 cxd5 11. cxd5 b5 12. b4 Rb8 13. a3 Nd7 14. Qd3 Nc7 15. Be3 f5 16. Bxa7 Ra8 17. Be3 f4 18. Bc1 Nb6 19. g4 Bd7 20. h3 Qc8 21. Ra2 Kf7 22. Rc2 Qd8 23. Nb1 Ra7 24. Ng1 Bf6 25. Bd1 Rh8 26. Kf1 h5 27. gxh5 gxh5 28. Rh2 Qg8 29. Be2 Qh7 30. Nc3 Ke7 31. Rg2 Raa8 32. Qd1 Rac8 33. Bd3 Rcg8 34. f3 Qf7 35. Rxg8 Qxg8 36. Qe2 Qe8 37. Qf2 Qb8 38. Kg2 Rg8+ 39. Kh2 Rg3 40. Nce2 Bh4 41. Qf1 Rg7 42. Bd2 Qa7 43. Be1 Bxe1 44. Qxe1 Ne8 45. Nc3 Qxa3 46. Bxb5 Qxb4 47. Bxd7 Nxd7 48. Rg2 Rxg2+ 49. Kxg2 Nef6 50. Nge2 Nf8 51. Qf2 Ng6 52. Kh2 Qb8 53. Qg2 Kf7 54. Qg5 Qb6 55. Qg1 Qa6 56. Qf2 Nh7 57. Ng1 Qa5 58. Nce2 Kf6 59. Kg2 Kg5 60. Kf1 Nh4 61. Qe1 Qc5 62. Qc3 Qxc3 63. Nxc3 Kf6 64. Nb5 Ke7 65. Ke2 Ng5 66. Na3 Kd7 67. Nc4 Kc7 68. Kf2 Kd7 1/2-1/2

[Event "Suwalki Warakomska Memorial 5th"]
[Site "Suwalki"]
[Date "2021.07.29"]
[Round "4"]
[White "Sakalauskas, Vaidas"]
[Black "Kacprzak, Kacper"]
[Result "1/2-1/2"]
[WhiteElo "2330"]
[BlackElo "2075"]
[PlyCount "94"]
[EventDate "2021.07.27"]
[EventType "swiss"]
[EventRounds "9"]
[EventCountry "POL"]
[SourceTitle "CBM 203 Extra"]
[Source "ChessBase"]
[SourceDate "2021.09.30"]
[SourceVersion "1"]
[SourceVersionDate "2021.09.30"]
[SourceQuality "1"]

1. d4 Nf6 2. c4 e6 3. Nc3 Bb4 4. Bd2 0-0 5. Nf3 b6 6. e3 Bb7 7. Bd3 d5 8. 0-0 c5 9. a3 Bxc3 10. Bxc3 cxd4 11. Bxd4 Nc6 12. Bxf6 Qxf6 13. cxd5 exd5 14. Qd2 Rfd8 15. Rad1 Rac8 16. Rfe1 h6 17. h3 Ne5 18. Nd4 Nc6 19. Bb1 Nxd4 20. Qxd4 Qxd4 21. Rxd4 Rc4 22. Rd2 Rdc8 23. Kh2 Rc1 24. Rxc1 Rxc1 25. Ba2 Kf8 26. Kg3 Rc5 27. e4 Ke7 28. exd5 Kd6 29. Kf4 a5 30. Ke3 a4 31. Rd4 Rb5 32. Rxa4 Rxb2 33. Ra7 Rxa2 34. Rxb7 Rxa3+ 35. Kd4 Ra4+ 36. Ke3 Kxd5 37. Rxb6 Ra3+ 38. Kf4 Ra2 39. Kg3 Ra3+ 40. f3 Ra2 41. h4 Ke5 42. Kh3 Ra4 43. g4 Ra3 44. Kg3 Rc3 45. Ra6 Rb3 46. Ra7 Kf6 47. Ra6+ Ke5 1/2-1/2

[Event "LTU-ch Rapid op"]
[Site "Vilnius"]
[Date "2021.07.17"]
[Round "2"]
[White "Dailidenas, Justas"]
[Black "Sakalauskas, Vaidas"]
[Result "1-0"]
[WhiteElo "1863"]
[BlackElo "2359"]
[PlyCount "93"]
[EventDate "2021.07.17"]
[EventType "swiss (rapid)"]
[EventRounds "9"]
[EventCountry "LTU"]
[SourceTitle "EXT 2023"]
[Source "ChessBase"]
[SourceDate "2022.10.05"]
[SourceVersion "1"]
[SourceVersionDate "2022.10.05"]
[SourceQuality "1"]

1. e4 g6 2. d4 Bg7 3. c4 c5 4. Nf3 Qa5+ 5. Nc3 Nf6 6. Qd3 cxd4 7. Nxd4 Nc6 8. Nxc6 dxc6 9. Bd2 Qc7 10. Be2 Be6 11. 0-0 0-0 12. Rad1 Nd7 13. b3 Rfd8 14. Qc2 f5 15. exf5 Bxf5 16. Bd3 Bg4 17. f3 Nc5 18. Bxg6 hxg6 19. fxg4 Bd4+ 20. Kh1 Kg7 21. Bf4 Be5 22. Bxe5+ Qxe5 23. Rde1 Qd6 24. Ne4 Nxe4 25. Qxe4 Rd7 26. Qf3 Qf6 27. Qg3 Qd6 28. Qc3+ Kg8 29. Qf3 e5 30. Qe3 Rf8 31. h3 Rxf1+ 32. Rxf1 b6 33. g5 Rf7 34. Rxf7 Kxf7 35. Kg1 Qd4 36. Kf2 c5 37. Ke2 Ke6 38. Qd3 Kf7 39. Qf3+ Ke7 40. Qf6+ Kd7 41. Qxg6 e4 42. Qf5+ Kc7 43. Qf7+ Kb8 44. Qd5 Qb2+ 45. Qd2 Qe5 46. Qd8+ Kb7 47. Qd5+ 1-0

[Event "LTU-ch Rapid op"]
[Site "Vilnius"]
[Date "2021.07.17"]
[Round "9"]
[White "Sakalauskas, Vaidas"]
[Black "Juknis, Paulius"]
[Result "1-0"]
[WhiteElo "2359"]
[BlackElo "2093"]
[PlyCount "184"]
[EventDate "2021.07.17"]
[EventType "swiss (rapid)"]
[EventRounds "9"]
[EventCountry "LTU"]
[SourceTitle "EXT 2023"]
[Source "ChessBase"]
[SourceDate "2022.10.05"]
[SourceVersion "1"]
[SourceVersionDate "2022.10.05"]
[SourceQuality "1"]

1. d4 f5 2. e4 fxe4 3. Nc3 Nf6 4. Bg5 g6 5. f3 d5 6. fxe4 dxe4 7. Bc4 Nc6 8. Nge2 Na5 9. Bb3 Nxb3 10. axb3 Bg7 11. Bxf6 exf6 12. Nxe4 0-0 13. 0-0 f5 14. N4c3 Be6 15. Qd3 Qd7 16. Rad1 c6 17. Kh1 Rad8 18. Qf3 Bd5 19. Nxd5 Qxd5 20. Qxd5+ Rxd5 21. c3 Re8 22. Nf4 Rd7 23. Nd3 Re2 24. Rf2 Rde7 25. Kg1 Rxf2 26. Kxf2 Kf7 27. Nc5 b6 28. Nd3 g5 29. b4 h5 30. g3 Bf6 31. Rh1 Re4 32. Ra1 Re7 33. Kf3 Ke6 34. h4 Rh7 35. Re1+ Kd6 36. hxg5 Bxg5 37. Re5 Rf7 38. Nf4 h4 39. gxh4 Bxh4 40. Re6+ Kd7 41. Rg6 Bd8 42. Nd3 Bc7 43. Ne5+ Bxe5 44. dxe5 Rh7 45. Kf4 Rh2 46. Kxf5 Rf2+ 47. Ke4 Rxb2 48. Rd6+ Kc7 49. Rd3 Rf2 50. e6 Re2+ 51. Kf5 a5 52. Rd7+ Kc8 53. bxa5 bxa5 54. Ra7 Re3 55. e7 a4 56. Kf6 Rf3+ 57. Ke6 Re3+ 58. Kd6 Rd3+ 59. Ke5 Re3+ 60. Kd4 Re6 61. Kc5 a3 62. c4 a2 63. Rxa2 Rxe7 64. Kb6 Rb7+ 65. Kc5 Rg7 66. Ra6 Rg5+ 67. Kb6 c5 68. Ra8+ Kd7 69. Ra1 Rg6+ 70. Kxc5 Kc7 71. Ra7+ Kb8 72. Rd7 Kc8 73. Rd6 Rg4 74. Kb5 Kc7 75. Rc6+ Kb7 76. Rh6 Rg1 77. Rh7+ Kb8 78. c5 Rc1 79. Kb6 Rb1+ 80. Kc6 Rc1 81. Rh8+ Ka7 82. Rc8 Rc2 83. Kd7 Rd2+ 84. Kc7 Rh2 85. Rd8 Ka6 86. c6 Rh7+ 87. Rd7 Rh8 88. Rd8 Rh7+ 89. Kc8 Kb6 90. Rd7 Rh8+ 91. Rd8 Rh7 92. Rd7 Rh8+ 1-0

[Event "LTU-chT"]
[Site "Lithuania"]
[Date "2021.05.16"]
[Round "7.2"]
[White "Bandza, Rokas"]
[Black "Sakalauskas, Vaidas"]
[Result "0-1"]
[WhiteElo "1817"]
[BlackElo "2331"]
[PlyCount "64"]
[EventDate "2021.05.07"]
[EventType "team-swiss"]
[EventRounds "7"]
[EventCountry "LTU"]
[SourceTitle "CBM 202 Extra"]
[Source "ChessBase"]
[SourceDate "2021.07.31"]
[SourceVersion "1"]
[SourceVersionDate "2021.07.31"]
[SourceQuality "1"]
[WhiteTeam "Vilnius Tauras"]
[BlackTeam "Vilnius MRU"]
[WhiteTeamCountry "LTU"]
[BlackTeamCountry "LTU"]

1. e4 e6 2. d4 d5 3. exd5 exd5 4. Bd3 Nc6 5. c3 Bd6 6. Ne2 Qh4 7. Be3 Nf6 8. Nd2 Ng4 9. Nf3 Nxe3 10. Nxh4 Nxd1 11. Rxd1 Ne7 12. Nf3 f6 13. h3 Be6 14. 0-0 g5 15. Rde1 Kd7 16. Nd2 Rag8 17. Kh1 h5 18. f4 g4 19. h4 Bf5 20. Bxf5+ Nxf5 21. g3 Re8 22. Kh2 Re3 23. Kg2 Rd3 24. Nb3 Ne3+ 25. Kf2 Nxf1 26. Rxf1 Re8 27. Nec1 Rde3 28. Nd2 c5 29. Ndb3 b6 30. Rd1 Kc6 31. a4 Rf3+ 32. Kg2 Ree3 0-1